000 02319cas a2200601 a 4500
001 13574516
003 OSt
005 20230704083607.0
008 040427c19999999enkar l 0 0eng c
010 _a 2004202471
015 _aGBA902373
_2bnb
016 _a011102849
016 7 _a011102849
_2Uk
035 _a(OCoLC)ocm54006898
040 _aWCL
_beng
_cWCL
_dDLC
_dLVB
_dDLC
_dOCLCG
_dOCLCQ
_dOCLCA
_dYDXCP
_dOCLCF
_dOCLCO
_dOCLCQ
_dYDX
_dUKMGB
_dOCLCO
_dOCL
042 _apcc
043 _ae-uk---
050 0 0 _aKD3930.A29
_bB58
082 _a344.1
_bWAL
245 0 0 _aBlackstone's statutes on public law
_cedited by Peter Wallington and Robert G. Lee.
246 3 0 _aPublic law & human rights
246 3 0 _aStatutes on public law & human rights
260 _aOxford :
_bOxford University Press
300 _avolumes ;
_c23 cm.
310 _aAnnual
336 _atext
_btxt
_2rdacontent
337 _aunmediated
_bn
_2rdamedia
338 _avolume
_bnc
_2rdacarrier
362 1 _aBegan with 9th ed. in 1999.
490 1 _aBlackstone's statutes
588 _aDescription based on: 12th ed. (2002/2003).
588 _aLatest issue consulted: 13th ed. (2003/2004).
650 0 _aPublic law
_zGreat Britain.
650 0 _aCivil rights
_zGreat Britain.
650 0 _aPublic law
_zGreat Britain
_vPeriodicals.
650 0 _aHuman rights
_zGreat Britain
_vPeriodicals.
650 6 _aDroit public
_zGrande-Bretagne
_vPériodiques.
650 6 _aDroits de l'homme (Droit international)
_zGrande-Bretagne
_vPériodiques.
650 6 _aDroit public
_zGrande-Bretagne.
650 7 _aHuman rights.
_2fast
_0(OCoLC)fst00963285
650 7 _aCivil rights.
_2fast
_0(OCoLC)fst00862627
650 7 _aPublic law.
_2fast
_0(OCoLC)fst01082619
651 7 _aGreat Britain.
_2fast
_0(OCoLC)fst01204623
655 7 _aPeriodicals.
_2fast
_0(OCoLC)fst01411641
700 1 _aWallington, Peter.
700 1 _aLee, R. G.
_q(Robert Gregory),
_d1952-
780 0 0 _tBlackstone's statutes on public law
830 0 _aBlackstone's statutes.
906 _a7
_bcbc
_cserials
_d2
_encip
_f20
_gn-oclcserc
942 _2ddc
_cBK
999 _c3562
_d3562